000
00254nam a2200109Ia 4500
008
220204s9999 xx 000 0 und d
082
_a
338.26
_b
BAW
100
_a
BAWA, D S
245
0
_a
Rural project planning
260
_a
Delhi
_b
Bava
_c
1975
942
_c
BK
999
_c
25033
_d
25033